Отчет Благотворительного общества при Александровской больнице в память 19 февраля 1861 года... (Запись № 9683479)

Подробности
000 -МАРКЕР
контрольное поле 01282nam1a22002531i 4500
001 - ИДЕНТИФИКАТОР ЗАПИСИ
контрольное поле RU\NLR\19V\936055
005 - ИДЕНТИФИКАТОР ВЕРСИИ
контрольное поле 20260406220858.0
035 ## - ДРУГИЕ СИСТЕМНЫЕ НОМЕРА
Идентификатор записи (NLR Aleph) 010690578
100 ## - ДАННЫЕ ОБЩЕЙ ОБРАБОТКИ
Данные общей обработки 20150305g18831894k||y0rusy50 ca
101 0# - ЯЗЫК РЕСУРСА
Язык текста, звукозаписи и т.д. русский
102 ## - СТРАНА ПУБЛИКАЦИИ ИЛИ ПРОИЗВОДСТВА
Страна публикации Российская Федерация
105 ## - ПОЛЕ КОДИРОВАННЫХ ДАННЫХ: ТЕКСТОВЫЕ МАТЕРИАЛЫ, МОНОГРАФИЧЕСКИЕ
Кодированные данные о монографическом текстовом документе y z |||||
200 1# - ЗАГЛАВИЕ И СВЕДЕНИЯ ОБ ОТВЕТСТВЕННОСТИ
Основное заглавие Отчет Благотворительного общества при Александровской больнице в память 19 февраля 1861 года...
210 ## - ПУБЛИКАЦИЯ, РАСПРОСТРАНЕНИЕ И ДР.
Место издания, распространения и т.д. С.-Петербург
Дата издания, распространения и т.д. 1883-1894
215 ## - ФИЗИЧЕСКАЯ ХАРАКТЕРИСТИКА
Размеры 19-23
300 ## - ОБЩИЕ ПРИМЕЧАНИЯ
Текст примечания Загл. за 1893 г.: Отчет о деятельности Благотворительного общества при церкви Александровской городской больницы в память 19 февраля 1861 года...
620 ## - МЕСТО И ДАТА ПУБЛИКАЦИИ, ИСПОЛНЕНИЯ И Т. Д.
Страна RU
Город Санкт-Петербург
710 02 - НАИМЕНОВАНИЕ ОРГАНИЗАЦИИ - ПЕРВИЧНАЯ ОТВЕТСТВЕННОСТЬ
Начальный элемент ввода Петербургская городская Александровская больница в память 19 февраля 1861 г.
Структурное подразделение Благотворительное общество
Системный номер авторитетной/нормативной записи 447818
Идентификатор авторитетной/нормативной записи RU\NLR\AUTH\889975451
801 #0 - ИСТОЧНИК ЗАПИСИ
Страна Российская Федерация
Организация NLR
Дата составления 20150305
Правила каталогизации psbo
801 #1 - ИСТОЧНИК ЗАПИСИ
Страна Российская Федерация
Организация NLR
Дата составления 20150305
Источник данных rusmarc
801 #2 - ИСТОЧНИК ЗАПИСИ
Страна Российская Федерация
Организация NLR
Дата составления 20150305
Источник данных rusmarc
852 ## - МЕСТОНАХОЖДЕНИЕ И ШИФР ХРАНЕНИЯ
Идентификатор организации NLR
Шифр хранения (Call Number) 18.160.1.412 (1-2)
942 ## - ДОПОЛНИТЕЛЬНЫЕ ЭЛЕМЕНТЫ ЗАПИСИ (АБИС)
Тип экземпляра АБИС Книга

Нет доступных экземпляров.